000 00975nam a22002537a 4500
003 URS
005 20230302130919.0
008 230302b |||||||| |||| 00| 0 eng d
043 _aURS
100 _94089
_aPhil Andrei G. Lazaro
_eAuthor
245 _aE-Commerce Website for Villamayor Bike Shop in Binangonan, Rizal
_cPhil Andrei G. Lazaro, Daljhonne A. Alinas, Mark R. Lacanaria, Berlin B. Liberato, Charelo T. Daniel
260 _c2021
300 _axi, 96 leaves;
_c28 cm.
336 _2rdacontent
_atext
337 _2rdaemedia
_aunmediated
338 _2rdacarrier
_avolume
502 _aUndergraduate Thesis
_bBachelor of Science in Information System
_cUniversity of Rizal System, Binangonan
_d2021
700 _94090
_aDaljhonne A. Alinas
_eAuthor
700 _94091
_aMark R. Lacanaria
_eAuthor
700 _94092
_aBerlin B. Liberato
_eAuthor
700 _94093
_aCharelo T. Daniel
_eAuthor
700 _92311
_aDe Jesus, Ernan P. MSIT
_eadviser
942 _2lcc
_cT
999 _c68366
_d68366